| 000 | 00970cam a2200241 4500 | ||
|---|---|---|---|
| 008 | 031029n2000 000 0 eng u | ||
| 020 | _a0862974267 | ||
| 035 | _a(Sirsi) u124141 | ||
| 041 | _aeng | ||
| 050 |
_a306.11 _c18 |
||
| 100 | _aDrury, Andrew | ||
| 245 |
_aFirst steps in partnering _ban introductory guide for registered social landlords |
||
| 260 |
_aLondon _bNational Housing Federation _c2000 |
||
| 300 |
_aviii, 52p. _c30cm. |
||
| 350 | _a15 | ||
| 520 | _aThis introductory guide is designed to help independent social landlords and others to understand the concept of partnering, setting out the key elements and explaining how a different approach to problem resolution, and other areas, can help achieve better outcomes to the benefit of all contracting parties. | ||
| 650 | _aPARTNERING | ||
| 650 | _aSOCIAL HOUSING | ||
| 650 | _aREGISTERED SOCIAL LANDLORDS | ||
| 650 | _aEGAN REFORMS | ||
| 690 |
_aAffordable housing _96215 |
||
| 942 | _n0 | ||
| 999 |
_c103168 _d103168 |
||